000 00310 a2200145 4500
001 176127
020 _a
040 _cMagnum
100 _aAraujo, Elizabete Andrade
240 1 0 _aDona dor me visitou
_lpor
245 1 0 _aDona dor me visitou
362 0 _a1899
697 _aMAGNITO: IJ/GERAL
942 _cBK
999 _c176127
_d176127